| 000 | 00705cam a2200253 4500500 | ||
|---|---|---|---|
| 005 | 20260405002200.0 | ||
| 041 | _afre | ||
| 042 | _adc | ||
| 100 | 1 | 0 |
_aGarnier, Philippe _eauthor |
| 245 | 0 | 0 | _aQu’est-ce qu’être fort? |
| 260 | _c2016. | ||
| 500 | _a33 | ||
| 690 | _aBernard Cazeneuve | ||
| 690 | _aFaiblesse | ||
| 690 | _aForce | ||
| 690 | _aFragilité | ||
| 690 | _aJustice | ||
| 690 | _aMiguel Benasayag | ||
| 690 | _aphilosophie | ||
| 690 | _aSollicitude | ||
| 690 | _aViolence | ||
| 786 | 0 | _nPhilosophie magazine | 98 | 4 | 2016-04-01 | p. 45-45 | 1951-1787 | |
| 856 | 4 | 1 | _uhttps://shs.cairn.info/magazine-philosophie-magazine-2016-4-page-45?lang=fr&redirect-ssocas=7080 |
| 999 |
_c2055135 _d2055135 |
||